| 000 | 01348nam0a22003131 4500 | ||
|---|---|---|---|
| 001 | RU\INGAK2\INFOCOMM_322\NLR\5000153370 | ||
| 005 | 20250625202741.0 | ||
| 035 | _a(NLR Aleph) 011031118 | ||
| 090 |
_a11110068 _c11110068 |
||
| 100 | _a20130206d1939 |||y0rusy50 ca | ||
| 101 | 1 | _aspa | |
| 102 | _aRU | ||
| 105 | _ay z|||| | ||
| 200 | 1 |
_aMovimiento de los países no alineados hacia la Cumbre de Belgrado _fYuri Lepánov, Vladímir Tarabrin _g[Trad. Mijaíl Pogodin] |
|
| 210 |
_aM. _cEd. de la Agencia de prensa "Novosti" _d1939 |
||
| 215 |
_a36 с. _d20 см |
||
| 300 | _aВ вып. дан.: Движение неприсоединения на пути к Белградской встрече в верхах / Юрий Лепанов, Владимир Тарабрин | ||
| 517 | 1 |
_aДвижение неприсоединения на пути к Белградской встрече в верхах _zrus |
|
| 606 |
_aНеприсоединения движение _2nlr_sh1 |
||
| 620 | _aМосква | ||
| 686 |
_aТ3(0)63-611 _2rubbk |
||
| 700 | 1 |
_9z01790 _aLepanov _bJ. A. _f1930- _gJurij Alekseevič |
|
| 701 | 1 |
_aTarabrin _bV. E. _f1957- _gVladimir Evgen'evič |
|
| 790 | 1 |
_9z01700 _aLepánov _bY. _gYuri _4070 |
|
| 801 | 1 |
_aRU _bInfoComm _c20130206 |
|
| 801 | 0 |
_aRU _bNLR _gPSBO |
|
| 852 |
_aNLR _jИ25 Д-4/579 |
||
| 942 | _cBOOK | ||
| 980 | _aNB | ||